Náboženství pravěkého lidstva v Čechách a na Moravě /

Hlavní autor: Neustupný, Jiří, 1905-1981
Jazyk: Čeština
Vydáno: Praha : Život a práce, 1940
Fyzický popis: 151, [I] s. ; 8°
Knihy
Uloženo v:
LEADER 00734nam a22002052a 4500
001 001732776
003 CZ BrMZK
005 20200227121921.0
007 ta
008 200227s1940 xr a er|||||||||||cze d
015 |a cnb000807557 
035 |a (OCoLC)32187441 
040 |a ABA001  |b cze  |c LIA001  |d ABA001 
100 1 |a Neustupný, Jiří,  |d 1905-1981  |7 jk01090101  |4 aut 
245 1 0 |a Náboženství pravěkého lidstva v Čechách a na Moravě /  |c Jiří Neustupný ; [obrázky kreslil Čeněk Duba] 
260 |a Praha :  |b Život a práce,  |c 1940  |f (Polenský a Čoudek) 
300 |a 151, [I] s. ;  |c 8° 
910 |a BOA001  |b 1-0154.535 
990 |a BK 
996 6 |b 2618743863  |c 1-0154.535  |l MZK  |r Sklad / do 1 hodiny  |n 0  |w 001784480  |u 000010  |a 1  |e BOA001  |j MZK50  |s P